XML (Record no. 5053)

MARC details
000 -LEADER
fixed length control field 00332nam a22001577a 4500
005 - DATE AND TIME OF LATEST TRANSACTION
control field 20160701114019.0
008 - FIXED-LENGTH DATA ELEMENTS--GENERAL INFORMATION
fixed length control field 160701b xxu||||| |||| 00| 0 eng d
041 ## - LANGUAGE CODE
Language code of text/sound track or separate title eng
082 ## - DEWEY DECIMAL CLASSIFICATION NUMBER
Item number 20327
100 ## - MAIN ENTRY--AUTHOR NAME
Personal name Tittel ED
245 ## - TITLE STATEMENT
Title XML
260 ## - PUBLICATION, DISTRIBUTION, ETC. (IMPRINT)
Name of publisher TMH
300 ## - PHYSICAL DESCRIPTION
Number of Pages 201
650 ## - SUBJECT ADDED ENTRY--TOPICAL TERM
Topical Term Information Technology
942 ## - ADDED ENTRY ELEMENTS (KOHA)
Koha item type Books
Holdings
Lost status Damaged status Collection code Home library Current library Shelving location Date acquired Full call number Accession Number Koha item type
    Reference JRU Library JRU Library SHELF-53-B 01/07/2016 005.117 20327 Books